| 000 | 00767nam a22002537a 4500 | ||
|---|---|---|---|
| 001 | BR9508438 | ||
| 003 | BR-BrBNA | ||
| 005 | 20230928094736.0 | ||
| 007 | ta | ||
| 008 | 230509b bl.||||| |||| 00| 0 por d | ||
| 040 |
_aBR-BrBNA _bpor _cBiblioteca Nacional de Agricultura |
||
| 041 | _a(Por) | ||
| 072 | _aE20 | ||
| 090 | _ E20 BR9508438 | ||
| 110 | 1 | _aAssociacao de Assistencia Tecnica e Extensao Rural do Territorio Federal de Roraima, Boa Vista (Brasil) | |
| 245 | 1 | _aAssistencia tecnica e extensao rural do Territorio Federal de Roraima. 1980 | |
| 260 | 3 |
_aBoa Vista, RR (Brasil): _c1981. |
|
| 300 | _a21 p. | ||
| 650 | _aAssistencia Tecnica | ||
| 650 | _aExtensao Rural | ||
| 650 | _aRoraima | ||
| 909 |
_a202309 _bLucia _c55 _dLucia Elande |
||
| 942 | _cBK | ||
| 999 |
_c52391 _d52391 |
||